The ghost next door / (Record no. 1911)

MARC details
000 -LEADER
fixed length control field 00841nam a22002771i 4500
003 - CONTROL NUMBER IDENTIFIER
control field Uk
005 - DATE AND TIME OF LATEST TRANSACTION
control field 20250701140958.0
020 ## - INTERNATIONAL STANDARD BOOK NUMBER
International Standard Book Number 9781407157375 (pbk.) :
Terms of availability £4.99
040 ## - CATALOGING SOURCE
Original cataloging agency StDuBDS
Language of cataloging eng
Transcribing agency StDuBDS
Modifying agency Uk
Description conventions rda
082 04 - DEWEY DECIMAL CLASSIFICATION NUMBER
Classification number 813.54
Edition number 23
100 1# - MAIN ENTRY--PERSONAL NAME
Personal name Stine, R. L.,
Relator term author.
245 14 - TITLE STATEMENT
Title The ghost next door /
Statement of responsibility, etc. R.L. Stine.
260 ## - PUBLICATION, DISTRIBUTION, ETC.
Place of publication, distribution, etc. London
Name of publisher, distributor, etc. Scholastic,
Date of publication, distribution, etc. 1993
300 ## - PHYSICAL DESCRIPTION
Extent 124 pages, 11 unnumbered pages of plates ;
Dimensions 20 cm
490 0# - SERIES STATEMENT
Series statement Goosebumps
500 ## - GENERAL NOTE
General note Originally published: 1993.
500 ## - GENERAL NOTE
General note Formerly CIP.
Institution to which field applies Uk
505 ## - FORMATTED CONTENTS NOTE
Formatted contents note K
520 ## - SUMMARY, ETC.
Summary, etc. Hannah's boring summer changes when a new boy, who seems to disappear in the strangest ways, moves in next door.
521 ## - TARGET AUDIENCE NOTE
Target audience note 580 <br/>
Source Lexile
521 ## - TARGET AUDIENCE NOTE
Target audience note K <br/>
Source Raz-Plus
655 #0 - INDEX TERM--GENRE/FORM
Genre/form data or focus term Ghost stories.
655 #0 - INDEX TERM--GENRE/FORM
Genre/form data or focus term Children's stories.
942 ## - ADDED ENTRY ELEMENTS (KOHA)
Source of classification or shelving scheme Dewey Decimal Classification
Koha item type Books
Suppress in OPAC No
999 ## -
-- 1911
-- 1911
Holdings
Withdrawn status Lost status Source of classification or shelving scheme Damaged status Not for loan Collection Home library Current library Shelving location Date acquired Total Checkouts Full call number Barcode Date due Date last seen Date last checked out Price effective from Koha item type Copy number
    Dewey Decimal Classification     Juvenile Fiction Footprints International School Library Network Toul Kork Campus Footprints International School Library Network Toul Kork Campus Halloween Display TK Campus Room B401 10/19/2023 2 STI Fic PZ7.S86037 FISTKG4B039 05/08/2026 04/24/2026 04/24/2026 10/19/2023 Books  
    Dewey Decimal Classification     Juvenile Fiction Footprints International School Library Network Toul Tom Poung Campus Footprints International School Library Network Toul Tom Poung Campus TTP Primary Yellow Bookshelves 07/01/2025 1 STI Fic PZ7.S86037 2025-1716   09/30/2025 07/15/2025 07/01/2025 Books 2